|
|
|
|
| LEADER |
02012nam a2200529 4500 |
| 001 |
ocn868979403 |
| 003 |
OCoLC |
| 005 |
20170124071613.5 |
| 006 |
m o d |
| 007 |
cr cn||||||||| |
| 008 |
131202t20142014gw a ob 000 0 ger d |
| 040 |
|
|
|a E7B
|b eng
|e rda
|e pn
|c E7B
|d OCLCO
|d N$T
|d DG1
|d OCLCF
|d COO
|d OCLCQ
|d DG1
|d GrThAP
|
| 020 |
|
|
|a 9783433603574
|q (electronic bk.)
|
| 020 |
|
|
|a 343360357X
|q (electronic bk.)
|
| 020 |
|
|
|a 9783433603581
|q (electronic bk.)
|
| 020 |
|
|
|a 3433603588
|q (electronic bk.)
|
| 020 |
|
|
|a 3433030553
|
| 020 |
|
|
|a 9783433030554
|
| 020 |
|
|
|z 9783433030554
|
| 029 |
1 |
|
|a CHBIS
|b 010259635
|
| 029 |
1 |
|
|a CHVBK
|b 325944113
|
| 029 |
1 |
|
|a DEBBG
|b BV041997431
|
| 035 |
|
|
|a (OCoLC)868979403
|
| 050 |
|
4 |
|a TA805
|b .T37 2014eb
|
| 072 |
|
7 |
|a TEC
|x 009020
|2 bisacsh
|
| 082 |
0 |
4 |
|a 624.193
|2 23
|
| 049 |
|
|
|a MAIN
|
| 245 |
0 |
0 |
|a Taschenbuch für den Tunnelbau 2014 :
|b Kompendium der Tunnelbautechnologie Planungshilfe für den Tunnelbau. 38. Jahrgang /
|c herausgegeben von der DGGT - Deutsche Gesellschaft für Geotechnik e.V. ; unter Mitwirkung von Dr. rer. nat. K. Laackmann (Federführung) [and nine others].
|
| 264 |
|
1 |
|a Berlin :
|b Ernst & Sohn,
|c [2014]
|
| 264 |
|
4 |
|c ©2014
|
| 300 |
|
|
|a 1 online resource (423 pages) :
|b illustrations
|
| 336 |
|
|
|a text
|b txt
|2 rdacontent
|
| 337 |
|
|
|a computer
|b c
|2 rdamedia
|
| 338 |
|
|
|a online resource
|b cr
|2 rdacarrier
|
| 504 |
|
|
|a Includes bibliographical references.
|
| 588 |
0 |
|
|a Online resource; title from PDF title page (ebrary, viewed December 2, 2013).
|
| 650 |
|
0 |
|a Tunneling.
|
| 650 |
|
0 |
|a Tunnels.
|
| 650 |
|
7 |
|a TECHNOLOGY & ENGINEERING
|x Civil
|x General.
|2 bisacsh
|
| 650 |
|
7 |
|a Tunneling.
|2 fast
|0 (OCoLC)fst01158972
|
| 650 |
|
7 |
|a Tunnels.
|2 fast
|0 (OCoLC)fst01158996
|
| 655 |
|
4 |
|a Electronic books.
|
| 655 |
|
0 |
|a Electronic books.
|
| 700 |
1 |
|
|a Laackmann, K.
|
| 710 |
2 |
|
|a Deutsche Gesellschaft für Geotechnik.
|
| 856 |
4 |
0 |
|u https://doi.org/10.1002/9783433603574
|z Full Text via HEAL-Link
|
| 994 |
|
|
|a 92
|b DG1
|